[Event "Krasnodar"]
[Site "Krasnodar"]
[Date "2000.??.??"]
[Round "7"]
[White "Zontakh, Andrey"]
[Black "Nadyrhanov, Sergey"]
[Result "1-0"]
[WhiteElo "2576"]
[BlackElo "2546"]
[PlyCount "82"]
[EventDate "2000.??.??"]
[Source "www.chesslib.no"]
[SourceDate "2004.05.04"]

1. d4 Nf6 2. c4 g6 3. Nc3 Bg7 4. e4 d6 5. Nf3 O-O 6. Be2 e5 7. O-O Nbd7 8. Be3 Re8 9. d5 Ng4 10. Bg5 f6 11. Bd2 Nf8 12. b4 f5 13. c5 h5 14. Rc1 f4 15. cxd6 cxd6 16. Nb5 Re7 17. Qc2 Bh6 18. Nxa7 Bd7 19. Nc6 bxc6 20. dxc6 Be6 21. a4 d5 22. b5 dxe4 23. Qxe4 Bf5 24. Qc4+ Ne6 25. Bb4 Rf7 26. Rcd1 Qe8 27. Bd6 e4 28. b6 exf3 29. Bxf3 Bf8 30. c7 Bxd6 31. Bxa8 Bxc7 32. bxc7 Rxc7 33. Qa6 Kg7 34. Bd5 Nf8 35. Rfe1 Qd8 36. Qb6 Qc8 37. Qd4+ Kh6 38. h3 Nxf2 39. Qxf4+ g5 40. Qxf2 Ng6 41. Be4 Bxe4 1-0

[Event "Belfort FRA"]
[Site "?"]
[Date "1997.??.??"]
[Round "4"]
[White "Gurevich Mikhail"]
[Black "Kosten Anthony C"]
[Result "1-0"]
[WhiteElo "2585"]
[BlackElo "2535"]
[PlyCount "77"]
[EventDate "1997.??.??"]
[Source "www.chesslib.no"]
[SourceDate "2004.05.04"]

1. d4 Nf6 2. c4 g6 3. Nc3 Bg7 4. e4 d6 5. Nf3 O-O 6. Be2 e5 7. O-O Nbd7 8. Qc2 Re8 9. d5 h6 10. Nd2 Nf8 11. b4 a5 12. bxa5 Rxa5 13. a4 c5 14. Ra3 N6h7 15. Bd3 Ra6 16. Nb5 Bf6 17. Nf3 Ng5 18. Ne1 Bg7 19. Kh1 Nd7 20. g3 Nf6 21. f3 Nh5 22. f4 exf4 23. gxf4 Nh3 24. Nf3 Bg4 25. Qg2 Nf6 26. Bc2 Qc8 27. f5 gxf5 28. Re3 Kf8 29. Rfe1 Qb8 30. Bd1 Re6 31. Ng1 Re5 32. Bxg4 Nxg1 33. Kxg1 Rxe4 34. Kf2 Re5 35. Rg3 Qc7 36. Bf4 Rb6 37. Nxd6 Rb5 38. a5 Qc6 39. Rd1 1-0

[Event "Corr"]
[Site "?"]
[Date "1999.06.30"]
[Round "?"]
[White "Samarin Igor Valerievich (R"]
[Black "Brzozka Stefan (POL)"]
[Result "1-0"]
[WhiteElo "2535"]
[BlackElo "2570"]
[PlyCount "27"]
[EventDate "1999.??.??"]
[Source "www.chesslib.no"]
[SourceDate "2004.05.04"]

1. d4 Nf6 2. c4 g6 3. Nc3 Bg7 4. e4 d6 5. Nf3 O-O 6. Be2 e5 7. O-O Nbd7 8. Be3 Ng4 9. Bg5 f6 10. Bc1 Nh6 11. Rb1 a5 12. a3 exd4 13. Nxd4 Nc5 14. b4 1-0

[Event "ch playoff"]
[Site "Roque Saenz Pena"]
[Date "1995.??.??"]
[Round "2"]
[White "Ricardi, Pablo"]
[Black "Sorin, Ariel"]
[Result "1-0"]
[WhiteElo "2530"]
[BlackElo "2505"]
[PlyCount "143"]
[EventDate "1995.??.??"]
[Source "www.chesslib.no"]
[SourceDate "2004.05.04"]

1. d4 Nf6 2. c4 g6 3. Nc3 Bg7 4. e4 d6 5. Nf3 O-O 6. Be2 e5 7. O-O Nbd7 8. Qc2 c6 9. d5 a5 10. Be3 Ng4 11. Bg5 f6 12. Bd2 f5 13. exf5 gxf5 14. Ng5 Ndf6 15. h3 Nh6 16. Rad1 Kh8 17. f4 Qb6+ 18. Kh1 e4 19. Qc1 Nhg8 20. Be3 Qc7 21. Qd2 h6 22. Ne6 Bxe6 23. dxe6 Rad8 24. Na4 c5 25. g4 Ne7 26. g5 Nfg8 27. Bh5 Nc6 28. Nc3 Qe7 29. Bf7 Rxf7 30. exf7 Qxf7 31. Nd5 Nge7 32. Nxe7 Qxe7 33. Qd5 Bd4 34. Qxf5 Bxe3 35. Rde1 Rf8 36. Qg6 Bxf4 37. Qxh6+ Kg8 38. Qg6+ Qg7 39. Qxe4 Be5 40. h4 Kh8 41. Kg2 Ne7 42. Rxf8+ Qxf8 43. Rf1 Qg8 44. b3 Qg6 45. Qxg6 Nxg6 46. Kh3 Kg7 47. h5 Nf4+ 48. Kg4 Ne6 49. g6 Nd8 50. Kg5 Ne6+ 51. Kf5 Nd8 52. Ke4 Bd4 53. Kd5 Be5 54. Rf3 Kh6 55. Rf8 Nc6 56. Ke6 Kxh5 57. Kf7 Kh6 58. Rg8 Bd4 59. Ra8 Ne5+ 60. Ke6 Kxg6 61. Kxd6 Nc6 62. Kc7 Bc3 63. Kxb7 Ne7 64. a3 Nf5 65. Kb6 Nd4 66. Rg8+ Kf7 67. Rg3 Bb2 68. Kxc5 Ne6+ 69. Kb5 Bxa3 70. Kxa5 Bc1 71. b4 Ke7 72. Rd3 1-0

[Event "Erevan"]
[Site "?"]
[Date "1988.??.??"]
[Round "?"]
[White "Lputian, S."]
[Black "Pavlovic, M."]
[Result "1-0"]
[WhiteElo "2555"]
[BlackElo "2460"]
[PlyCount "77"]
[EventDate "1988.??.??"]
[Source "ChessBase"]
[SourceDate "1988.01.01"]

1. d4 Nf6 2. c4 g6 3. Nc3 Bg7 4. e4 d6 5. Nf3 O-O 6. Be2 e5 7. O-O Nbd7 8. Qc2 c6 9. Rd1 Qe7 10. d5 c5 11. Bg5 h6 12. Bh4 g5 13. Bg3 Nh5 14. Nd2 Nf4 15. Bg4 h5 16. Bxf4 exf4 17. Bxh5 Bd4 18. Nb5 Ne5 19. Be2 g4 20. Nxd4 cxd4 21. f3 f5 22. Nb3 Rf7 23. Nxd4 Rh7 24. Qd2 Qg5 25. fxg4 fxg4 26. Rf1 Ng6 27. Nf5 Rxh2 28. Bxg4 Rh7 29. Bf3 Ne5 30. Nxd6 Qh6 31. Nxc8 Rxc8 32. d6 Rc5 33. Rad1 Qh2+ 34. Kf2 Nxf3 35. d7 Rg7 36. d8=Q+ Kh7 37. Rh1 Rxg2+ 38. Kxf3 Rg3+ 39. Kxf4 1-0

[Event "Voronezh"]
[Site "?"]
[Date "1987.??.??"]
[Round "?"]
[White "Smagin, S."]
[Black "Kochiyev, A."]
[Result "1-0"]
[WhiteElo "2555"]
[BlackElo "2450"]
[PlyCount "85"]
[EventDate "1987.??.??"]
[Source "ChessBase"]
[SourceDate "1987.07.01"]

1. d4 Nf6 2. c4 g6 3. Nc3 Bg7 4. e4 d6 5. Nf3 O-O 6. Be2 e5 7. O-O Nbd7 8. Qc2 c6 9. Rd1 Qe7 10. d5 c5 11. Bg5 h6 12. Bh4 g5 13. Bg3 Nh5 14. Nd2 Nf4 15. Nf1 Nf6 16. Ne3 Nxe4 17. Nxe4 f5 18. Nc3 Nxe2+ 19. Qxe2 f4 20. Nf1 fxg3 21. Nxg3 Bd7 22. Nge4 Bf5 23. a3 Bg6 24. b4 b6 25. Rd2 h5 26. Rb1 g4 27. bxc5 bxc5 28. Rdb2 Rad8 29. Qe3 Rd7 30. h3 Qf7 31. hxg4 hxg4 32. Rb8 Qf4 33. Qe1 Rdf7 34. R1b7 Rxb7 35. Rxb7 Bh6 36. g3 Qf3 37. Nxd6 e4 38. Ncxe4 Qxa3 39. Nd2 Rf6 40. N6e4 Rf8 41. Nd6 Rf6 42. Rb8+ Bf8 43. N2e4 1-0

[Event "Dens Individual"]
[Site "?"]
[Date "1997.??.??"]
[Round "?"]
[White "Nielsen Peter Heine"]
[Black "Mortensen Erling"]
[Result "1-0"]
[WhiteElo "2525"]
[BlackElo "2450"]
[PlyCount "75"]
[EventDate "1997.??.??"]
[Source "www.chesslib.no"]
[SourceDate "2004.05.04"]

1. d4 Nf6 2. c4 g6 3. Nc3 Bg7 4. e4 d6 5. Nf3 O-O 6. Be2 e5 7. O-O Nbd7 8. Qc2 c6 9. d5 Qc7 10. Be3 Ng4 11. Bd2 f5 12. exf5 gxf5 13. Ng5 Ndf6 14. h3 Nh6 15. f4 e4 16. Be3 Nf7 17. Qd2 h6 18. Nxf7 Rxf7 19. dxc6 bxc6 20. Rfd1 Bf8 21. c5 d5 22. b4 a6 23. Bd4 Be6 24. Rab1 Bg7 25. Rb3 Nd7 26. Rf1 Qd8 27. Kh2 Kh7 28. Ra3 Bf6 29. Be3 Bh4 30. Qd1 Qb6 31. Qd4 Ne5 32. Ra5 Nd7 33. Qxd5 Qb7 34. Nxe4 Ra7 35. Ra4 Ne5 36. Ra5 Rf8 37. Qd8 Qe7 38. Qd7 1-0

[Event "Guben op"]
[Site "?"]
[Date "2000.??.??"]
[Round "5"]
[White "Bunzmann Dimitrij"]
[Black "Vogt Lothar"]
[Result "1/2-1/2"]
[WhiteElo "2502"]
[BlackElo "2466"]
[PlyCount "44"]
[EventDate "2000.??.??"]
[Source "www.chesslib.no"]
[SourceDate "2004.05.04"]

1. d4 Nf6 2. c4 g6 3. Nc3 Bg7 4. e4 d6 5. Nf3 O-O 6. Be2 e5 7. O-O Nbd7 8. Qc2 Nh5 9. Rd1 Nf4 10. Bf1 c5 11. dxe5 dxe5 12. Bxf4 exf4 13. e5 Qc7 14. Nd5 Qb8 15. Ne7+ Kh8 16. Nxc8 Qxc8 17. Qe4 Qc7 18. Rd5 Rae8 19. Re1 Nb6 20. Rd2 Nd7 21. Rd5 Nb6 22. Rd2 Nd7 1/2-1/2

[Event "Limasol"]
[Site "?"]
[Date "1997.10.??"]
[Round "?"]
[White "Miladinovic Igor"]
[Black "Grivas Efstratios"]
[Result "1/2-1/2"]
[WhiteElo "2500"]
[BlackElo "2465"]
[PlyCount "43"]
[EventDate "1997.??.??"]
[Source "www.chesslib.no"]
[SourceDate "2004.05.04"]

1. d4 Nf6 2. c4 g6 3. Nc3 Bg7 4. e4 d6 5. Nf3 O-O 6. Be2 e5 7. O-O Nbd7 8. dxe5 dxe5 9. b3 c6 10. Ba3 Re8 11. Bd6 Bf8 12. b4 Bxd6 13. Qxd6 a5 14. a3 Qe7 15. Qxe7 Rxe7 16. Nd2 Nf8 17. Nb3 axb4 18. axb4 Rxa1 19. Rxa1 Ne6 20. Ra8 Re8 21. f3 Bd7 22. Rxe8+ 1/2-1/2

[Event "Caceres Diputacion"]
[Site "?"]
[Date "1996.??.??"]
[Round "4"]
[White "Frias, V."]
[Black "Romero, A."]
[Result "1/2-1/2"]
[WhiteElo "2520"]
[BlackElo "2430"]
[PlyCount "27"]
[EventDate "1996.??.??"]
[Source "www.chesslib.no"]
[SourceDate "2004.05.04"]

1. d4 Nf6 2. c4 g6 3. Nc3 Bg7 4. e4 d6 5. Nf3 O-O 6. Be2 e5 7. O-O Nbd7 8. Be3 c6 9. d5 c5 10. Ne1 Ne8 11. Nd3 f5 12. exf5 gxf5 13. f4 e4 14. Nf2 1/2-1/2

[Event "SLO-chT West"]
[Site "Skofja Loka"]
[Date "1998.??.??"]
[Round "?"]
[White "Atalik, Suat"]
[Black "Basagic, Zlatko"]
[Result "1-0"]
[WhiteElo "2595"]
[BlackElo "2330"]
[PlyCount "79"]
[EventDate "1998.??.??"]
[Source "www.chesslib.no"]
[SourceDate "2004.05.04"]

1. d4 Nf6 2. c4 g6 3. Nc3 Bg7 4. e4 d6 5. Nf3 O-O 6. Be2 e5 7. O-O Nbd7 8. Be3 Re8 9. Qc2 a5 10. Rad1 c6 11. dxe5 dxe5 12. c5 Qc7 13. Na4 Ng4 14. Bc1 b5 15. cxb6 Nxb6 16. Nxb6 Qxb6 17. Rd6 Bb7 18. Nd2 Nf6 19. Nc4 Qc7 20. Rfd1 c5 21. f3 h6 22. Be3 Bc6 23. Na3 Rec8 24. Nb5 Qb7 25. a4 Ne8 26. R6d2 Bf8 27. Bc4 Qe7 28. Qc3 h5 29. Rd3 Kh7 30. Qd2 Rab8 31. b3 Ra8 32. Bg5 f6 33. Be3 Qg7 34. Be6 Bxb5 35. axb5 Rc7 36. b6 Re7 37. Bd5 Rd8 38. Qxa5 Red7 39. Qa6 Nd6 40. Bc6 1-0

[Event "Saarlouis-Roden(24.05.-01.06)"]
[Site "?"]
[Date "1998.??.??"]
[Round "6"]
[White "Zagorskis Darius"]
[Black "Pirrot Dieter"]
[Result "1-0"]
[WhiteElo "2515"]
[BlackElo "2390"]
[PlyCount "51"]
[EventDate "1998.??.??"]
[Source "www.chesslib.no"]
[SourceDate "2004.05.04"]

1. d4 Nf6 2. c4 g6 3. Nc3 Bg7 4. e4 d6 5. Nf3 O-O 6. Be2 e5 7. O-O Nbd7 8. Qc2 c6 9. d5 Qc7 10. Bg5 a5 11. Nd2 h6 12. Be3 Nc5 13. Rac1 Ng4 14. Bxg4 Bxg4 15. dxc6 Qxc6 16. Nb5 Rfc8 17. f3 Be6 18. Rfd1 b6 19. Nb1 Rd8 20. b3 Kh7 21. N1c3 Rab8 22. Rd2 a4 23. Rcd1 Bf8 24. Nd5 Na6 25. b4 Rdc8 26. Na7 1-0

[Event "Korolev (Russia)"]
[Site "?"]
[Date "2000.??.??"]
[Round "9"]
[White "Zakharstov Viacheslav V"]
[Black "Yanvarjov Igor"]
[Result "1/2-1/2"]
[WhiteElo "2486"]
[BlackElo "2419"]
[PlyCount "146"]
[EventDate "2000.??.??"]
[Source "www.chesslib.no"]
[SourceDate "2004.05.04"]

1. d4 Nf6 2. c4 g6 3. Nc3 Bg7 4. e4 d6 5. Nf3 O-O 6. Be2 e5 7. O-O Nbd7 8. Be3 Re8 9. d5 Ng4 10. Bg5 f6 11. Bd2 Nh6 12. Qc2 a5 13. a3 Nf8 14. b4 Qe7 15. Rac1 g5 16. c5 axb4 17. axb4 Ng6 18. Nb5 g4 19. Ne1 Rd8 20. Be3 Nf4 21. cxd6 cxd6 22. Bb6 Rf8 23. Nc7 Ra4 24. Nd3 Nxe2+ 25. Qxe2 f5 26. f3 gxf3 27. gxf3 fxe4 28. fxe4 Rxf1+ 29. Rxf1 Bh3 30. Re1 Ra3 31. Kh1 Bg4 32. Qe3 Qf7 33. Kg2 Qg6 34. Kh1 Nf5 35. exf5 Bxf5 36. Qg3 Rxd3 37. Qxg6 hxg6 38. Kg2 Bh6 39. Ne8 Rd2+ 40. Kg1 Bf4 41. Bf2 b5 42. Bg3 Bxg3 43. hxg3 Rd4 44. Nxd6 Rxd5 45. Ne8 Rd4 46. Rxe5 Rxb4 47. Nd6 Bd3 48. Kf2 Kg7 49. Ke3 Kf6 50. Rd5 Bf1 51. Ne8+ Ke6 52. Nc7+ Ke7 53. Rd1 Bc4 54. Nd5+ Bxd5 55. Rxd5 Kf6 56. Kf3 g5 57. g4 Rf4+ 58. Kg3 b4 59. Rb5 Rc4 60. Kf3 Rf4+ 61. Kg3 Rd4 62. Kf3 Rc4 63. Rf5+ Kg6 64. Rb5 Rf4+ 65. Kg3 Kf6 66. Rb6+ Ke5 67. Rb5+ Kd6 68. Rxg5 Rd4 69. Rb5 Kc6 70. Rb8 Kc5 71. Kh4 Kc4 72. Kh5 b3 73. g5 Kc3 1/2-1/2

[Event "New York Open"]
[Site "Newark, NJ USA"]
[Date "1995.??.??"]
[Round "?"]
[White "Gurevich, Dmitry B"]
[Black "Paschall, William M"]
[Result "1-0"]
[WhiteElo "2530"]
[BlackElo "2370"]
[PlyCount "67"]
[EventDate "1995.04.12"]
[Source "www.chesslib.no"]
[SourceDate "2004.05.04"]

1. d4 Nf6 2. c4 g6 3. Nc3 Bg7 4. e4 d6 5. Nf3 O-O 6. Be2 e5 7. O-O Nbd7 8. Be3 Ng4 9. Bg5 f6 10. Bd2 c6 11. d5 Nh6 12. dxc6 bxc6 13. Bxh6 Bxh6 14. Qxd6 Qb6 15. Na4 Qa6 16. Qd1 Nb6 17. Nc5 Qa5 18. Nb3 Qa4 19. c5 Nc4 20. Nc1 Nxb2 21. Qb3+ Qxb3 22. axb3 Rd8 23. Ra2 Nd1 24. Rc2 Bxc1 25. Rxc1 Nb2 26. Rc2 Nd3 27. Rd1 Ba6 28. Rcd2 f5 29. exf5 e4 30. fxg6 hxg6 31. Ng5 Re8 32. Nxe4 Rxe4 33. Bxd3 Bxd3 34. Rxd3 1-0

[Event "Camp. svizzero a sq. - Lucerna-Losanna"]
[Site "Svizzera"]
[Date "2008.09.06"]
[Round "6.4"]
[White "Loetscher, Roland"]
[Black "Gallagher, Joseph"]
[Result "1/2-1/2"]
[WhiteElo "2390"]
[BlackElo "2481"]
[PlyCount "38"]
[EventDate "2008.03.02"]
[Source "www.chesslib.no"]
[SourceDate "2004.05.04"]

1. d4 Nf6 2. c4 g6 3. Nc3 Bg7 4. e4 d6 5. Nf3 O-O 6. Be2 e5 7. O-O Nbd7 8. Be3 Re8 9. Qc2 Ng4 10. Bg5 Bf6 11. Bxf6 Ngxf6 12. Rfd1 b6 13. dxe5 dxe5 14. c5 Qe7 15. cxb6 axb6 16. Nb5 Nc5 17. b4 Na6 18. a3 Bb7 19. Nc3 Kg7 1/2-1/2

[Event "China (ch)"]
[Site "?"]
[Date "1992.??.??"]
[Round "?"]
[White "Qi, Jingxuan"]
[Black "Peng, Xiaomin"]
[Result "0-1"]
[WhiteElo "2430"]
[BlackElo "2440"]
[PlyCount "80"]
[EventDate "1992.??.??"]
[Source "ChessBase"]
[SourceDate "1992.10.01"]

1. d4 Nf6 2. c4 g6 3. Nc3 Bg7 4. e4 d6 5. Nf3 O-O 6. Be2 e5 7. O-O Nbd7 8. Be3 c6 9. d5 c5 10. Ne1 Ne8 11. Nd3 f5 12. f4 b6 13. fxe5 Nxe5 14. Nf4 g5 15. Ne6 Bxe6 16. dxe6 f4 17. Nd5 fxe3 18. Rxf8+ Bxf8 19. e7 Bxe7 20. Nxe7+ Qxe7 21. Qd5+ Qf7 22. Qxa8 Qf2+ 23. Kh1 Qxe2 24. Qxe8+ Kg7 25. Qe7+ Nf7 26. e5 dxe5 27. Qb7 g4 28. Qe4 Kf6 29. Qc6+ Kg5 30. Qd5 Qf2 31. Qd3 e2 32. Qd2+ Kg6 33. Qe1 Qe3 34. Qg1 Qd2 35. Re1 g3 36. hxg3 Ng5 37. Rb1 Ne4 38. Qe1 Qh6+ 39. Kg1 Qe3+ 40. Kh2 Nf2 0-1